Scripts in and around India. (Record no. 63393)
[ view plain ]
| 000 -LEADER | |
|---|---|
| fixed length control field | 00699cam a22002291 4500 |
| 001 - CONTROL NUMBER | |
| control field | sa 65003844 |
| 003 - CONTROL NUMBER IDENTIFIER | |
| control field | DLC |
| 005 - DATE AND TIME OF LATEST TRANSACTION | |
| control field | 20260227112126.0 |
| 008 - FIXED-LENGTH DATA ELEMENTS--GENERAL INFORMATION | |
| fixed length control field | 821123s1960 ii f000 0 eng |
| 010 ## - LIBRARY OF CONGRESS CONTROL NUMBER | |
| LC control number | sa 65003844 |
| 025 ## - OVERSEAS ACQUISITION NUMBER | |
| Overseas acquisition number | PL480: I-E-3048 |
| 035 ## - SYSTEM CONTROL NUMBER | |
| System control number | (OCoLC)8983631 |
| 040 ## - CATALOGING SOURCE | |
| Original cataloging agency | DLC |
| Transcribing agency | ICarbS |
| Modifying agency | DLC |
| 050 00 - LIBRARY OF CONGRESS CALL NUMBER | |
| Classification number | PK119 |
| Item number | .K3 |
| 100 1# - MAIN ENTRY--PERSONAL NAME | |
| Personal name | Kannaiyan, V. |
| 245 10 - TITLE STATEMENT | |
| Title | Scripts in and around India. |
| Statement of responsibility, etc. | Compiled by V. Knnaiyan. |
| 260 ## - PUBLICATION, DISTRIBUTION, ETC. | |
| Place of publication, distribution, etc. | Madras, |
| Name of publisher, distributor, etc. | Available with the Superintendent, Govt. Museum, |
| Date of publication, distribution, etc. | 1960. |
| 300 ## - PHYSICAL DESCRIPTION | |
| Extent | 44 p. |
| Other physical details | col. illus. |
| Dimensions | 29 cm. |
| 490 1# - SERIES STATEMENT | |
| Series statement | Govt. Museum bulletin |
| 651 #0 - SUBJECT ADDED ENTRY--GEOGRAPHIC NAME | |
| Geographic name | India |
| General subdivision | Languages |
| -- | Writing. |
| 810 2# - SERIES ADDED ENTRY--CORPORATE NAME | |
| Corporate name or jurisdiction name as entry element | Government Museum (Chennai, India). |
| Title of a work | Bulletin. |
No items available.